Digital image processing / (Record no. 26631)

MARC details
000 -LEADER
fixed length control field 01033nam a22002777a 4500
005 - DATE AND TIME OF LATEST TRANSACTION
control field 20090520150623.0
008 - FIXED-LENGTH DATA ELEMENTS--GENERAL INFORMATION
fixed length control field 081128t xxu||||| |||| 00| 0 eng d
010 ## - LCCN (DPL NO)
LC control number ENG-93627
020 ## - INTERNATIONAL STANDARD BOOK NUMBER
International Standard Book Number 9788120336407
Terms of availability 495.00
035 ## - SYSTEM CONTROL NUMBER
System control number EN-77160
037 ## - SOURCE OF ACQUISITION
Source of stock number/acquisition DBAD / PUB
040 ## - CATALOGING SOURCE
Original cataloging agency dpl
Language of cataloging English
082 ## - DEWEY DECIMAL CLASSIFICATION NUMBER
Classification number 621.367
100 ## - MAIN ENTRY--PERSONAL NAME
Personal name Gonzalez, Rafael C.
110 ## - MAIN ENTRY--CORPORATE NAME
Corporate name or jurisdiction name as entry element Career Launcher
245 ## - TITLE STATEMENT
Title Digital image processing /
Statement of responsibility, etc by Rafael C. Gonzalez [and] Richard E. Woods
250 ## - EDITION STATEMENT
Edition statement 3rd ed.
260 ## - PUBLICATION, DISTRIBUTION, ETC. (IMPRINT)
Place of publication, distribution, etc New Delhi
Name of publisher, distributor, etc PHI Learning
Date of publication, distribution, etc 2008
270 ## - ADDRESS
Address M-97, Connaught Circus,
City New Delhi
Postal code 110001
300 ## - PHYSICAL DESCRIPTION
Extent xxii, 954p.:
Dimensions 24cm(pbk)
Other physical details ill.
500 ## - GENERAL NOTE
General note Includes bibliographical references and index
650 ## - SUBJECT ADDED ENTRY--TOPICAL TERM
Topical term or geographic name as entry element Image processing
General subdivision Digital techniques
700 ## - ADDED ENTRY--PERSONAL NAME
Personal name Woods, Richard E.
942 ## - ADDED ENTRY ELEMENTS (KOHA)
Source of classification or shelving scheme Dewey Decimal Classification
Item type English Books
Call number suffix GON
Classification part 621.367
Holdings
Withdrawn status Lost status Source of classification or shelving scheme Damaged status Not for loan Collection code Home library Current library Date acquired Source of acquisition Cost, normal purchase price Total Checkouts Full call number Barcode Date last seen Copy number Cost, replacement price Koha item type
    Dewey Decimal Classification   Not For Loan Non-fiction D.B.Act.Division D.B.Act.Division 20/05/2009 DBAD / PUB 495.00   621.367 GON EN-77160 20/05/2009 1 495.00 English Books

© Delhi Public Library
Hit Counter
free hit counter